| 000 | 00535nam a22001697a 4500 | ||
|---|---|---|---|
| 003 | OSt | ||
| 005 | 20260120103614.0 | ||
| 008 | 260120b |||||||| |||| 00| 0 eng d | ||
| 040 | _cMRSPTU | ||
| 041 | _aEnglish | ||
| 100 | _aEesha Goel, Supervisor: Abhilasha | ||
| 245 | _aFraud Detection in E-commerce Websites Using Randomized Algorithm in R and SparkR | ||
| 260 |
_bDepartment of CSE, MRSPTU, Bathinda _c2016 |
||
| 650 | _aComputer Science | ||
| 856 | _uhttp://163.47.215.52:8080/jspui/handle/123456789/243 | ||
| 942 |
_2ddc _cTH _n0 |
||
| 999 |
_c10693 _d10693 |
||